000 01483cam a2200313 i 4500
001 xx001046742
005 20191205121558.0
008 080124s2007 pl a |000 0 pol c
020 _a9788387639952
040 _aTOR U/MS
_cTOR U/MS
_dTOR U/LF
_dTOR U/JSzs
041 1 _apol
_alat
_hrus
090 0 _aWojskowość
_cPomorze Wschodnie.
090 0 _aHistoria powszechna
_cpublikacje ogólne
_copracowania.
245 0 0 _aWojny północne w XVI-XVIII wieku :
_bw czterechsetlecie bitwy pod Kircholmem /
_cred. Bogusław Dybaś ; współpr. Anna Ziemlewska ; Towarzystwo Naukowe w Toruniu, Uniwersytet Mikołaja Kopernika w Toruniu.
260 _aToruń :
_bTowarzystwo Naukowe w Toruniu,
_c2007.
300 _a306, [1] s., 8 s. tabl. kolor. :
_bil. kolor. ;
_c24 cm.
500 _aZbiór ref. z międzynarodowej konferencji naukowej, która odbyła się w Toruniu w dniach 27-29 września 2005 r.
546 _aTekst częśc. łac., częśc. tłumaczony z ros.
650 _aArmie
_zPolska
_y17 w.
_vkonferencje.
650 _aWojna północna (1700-1721)
_vkonferencje.
650 _aKircholm, Bitwa (1605)
_vkonferencje.
651 _aInflanty (region)
_y17 w.
_xkonferencje.
651 _aInflanty (region)
_y16 w.
_xkonferencje.
651 _aKurlandia (Łotwa ; region)
_y16 w.
_vkonferencje.
651 _aKurlandia (Łotwa ; region)
_y17 w.
_vkonferencje.
700 1 _aDybaś, Bogusław
_d(1958- ).
_eRed.
700 1 _aZiemlewska, Anna.
_eRed.
920 _a978-83-87639-95-2
999 0 0 _a509
_c396
_d396